<?xml version="1.0" encoding="UTF-8"?>
<record
    xmlns:xsi="http://www.w3.org/2001/XMLSchema-instance"
    xsi:schemaLocation="http://www.loc.gov/MARC21/slim http://www.loc.gov/standards/marcxml/schema/MARC21slim.xsd"
    xmlns="http://www.loc.gov/MARC21/slim">

  <leader>00965cam a2200181 i 4500</leader>
  <datafield tag="999" ind1=" " ind2=" ">
    <subfield code="c">5502</subfield>
    <subfield code="d">5502</subfield>
  </datafield>
  <datafield tag="020" ind1=" " ind2=" ">
    <subfield code="a">9789964303921</subfield>
  </datafield>
  <datafield tag="020" ind1=" " ind2=" ">
    <subfield code="a">9964303920</subfield>
  </datafield>
  <datafield tag="050" ind1="0" ind2="0">
    <subfield code="a">JS7655.3.A3</subfield>
    <subfield code="b">A62 </subfield>
  </datafield>
  <datafield tag="100" ind1="1" ind2=" ">
    <subfield code="a">Aikins, K. S.</subfield>
  </datafield>
  <datafield tag="245" ind1="1" ind2="0">
    <subfield code="a">Institutionalizing effective local government in Ghana :</subfield>
    <subfield code="b">challenges from informal customary practices /</subfield>
    <subfield code="c">Kenneth Shelton Aikins.</subfield>
  </datafield>
  <datafield tag="260" ind1=" " ind2=" ">
    <subfield code="a">Accra</subfield>
    <subfield code="b">Ghana Univ Press</subfield>
    <subfield code="c">2012</subfield>
  </datafield>
  <datafield tag="300" ind1=" " ind2=" ">
    <subfield code="a">vi, 245 pages ;</subfield>
    <subfield code="c">25 cm</subfield>
  </datafield>
  <datafield tag="505" ind1=" " ind2=" ">
    <subfield code="a">1. Introduction
2. How colonial rule (British indirect rule) affected chieftaincy in Ghana
3. Development of parallel institutions
4. Chieftaincy and decentralization
5. Setting the stage for the main parallel argument
6. Succession rules in Ghana
7. Succession conflicts and resolution
8. Traditional and conflicts and resolution
9. Traditional land conflicts and resolution
10. Towards effective local government in Ghana
6. </subfield>
  </datafield>
  <datafield tag="650" ind1=" " ind2="0">
    <subfield code="a">Local government</subfield>
  </datafield>
  <datafield tag="650" ind1=" " ind2="0">
    <subfield code="a">Chiefdoms</subfield>
  </datafield>
  <datafield tag="650" ind1=" " ind2="0">
    <subfield code="a">Land tenure</subfield>
  </datafield>
  <datafield tag="942" ind1=" " ind2=" ">
    <subfield code="c">BK</subfield>
  </datafield>
  <datafield tag="952" ind1=" " ind2=" ">
    <subfield code="0">0</subfield>
    <subfield code="1">0</subfield>
    <subfield code="4">0</subfield>
    <subfield code="7">0</subfield>
    <subfield code="8">REF</subfield>
    <subfield code="a">MUCGM</subfield>
    <subfield code="b">MUCGM</subfield>
    <subfield code="c">GEN</subfield>
    <subfield code="d">2013-01-27</subfield>
    <subfield code="l">0</subfield>
    <subfield code="o">JS7655.3.A3 A62</subfield>
    <subfield code="p">38074</subfield>
    <subfield code="r">2019-06-27 00:00:00</subfield>
    <subfield code="w">2019-06-27</subfield>
    <subfield code="y">BK</subfield>
  </datafield>
  <datafield tag="952" ind1=" " ind2=" ">
    <subfield code="0">0</subfield>
    <subfield code="1">0</subfield>
    <subfield code="4">0</subfield>
    <subfield code="7">0</subfield>
    <subfield code="8">REF</subfield>
    <subfield code="a">MUCGM</subfield>
    <subfield code="b">MUCGM</subfield>
    <subfield code="c">GEN</subfield>
    <subfield code="d">2013-01-27</subfield>
    <subfield code="l">0</subfield>
    <subfield code="o">JS7655.3.A3 A62</subfield>
    <subfield code="p">38073</subfield>
    <subfield code="r">2019-06-27 00:00:00</subfield>
    <subfield code="w">2019-06-27</subfield>
    <subfield code="y">BK</subfield>
  </datafield>
</record>
